On the generalization of Alefeld-Herzberger's method.

Analýza triedy iteračných metód, ktoré sú zovšeobecnením metód, uvedených v roku 1974 Alefeldom a Herzbergerom. Použitie týchto metód na určenie jednoduchých koreňov algebraických rovníc. Odvodenie odhadov pre ich rád R.

Saved in:
Bibliographic Details
Main Author: Kjurkchiev, N.
Other Authors: Andreev, A.
Format: Book Chapter
Language:English
Subjects:
Tags: Add Tag
No Tags, Be the first to tag this record!

MARC

LEADER 00000naa a2200000 4500
001 r009947
005 20221130112649.4
041 0 |a eng 
044 |a AT 
245 1 0 |a On the generalization of Alefeld-Herzberger's method.  |c N. Kjurkchiev, A. Andreev 
520 |a Analýza triedy iteračných metód, ktoré sú zovšeobecnením metód, uvedených v roku 1974 Alefeldom a Herzbergerom. Použitie týchto metód na určenie jednoduchých koreňov algebraických rovníc. Odvodenie odhadov pre ich rád R. 
610 2 0 |a matematika 
610 2 0 |a metódy matematické 
100 1 |a Kjurkchiev, N. 
700 1 |a Andreev, A.